[Event "Mittelrhein Verbandsliga-O 16/17"]
[Site "Nordrheinwestfalen"]
[Date "2017.01.08"]
[Round "6"]
[White "Jonas, Rainer"]
[Black "Cohnen, Michael"]
[Result "0-1"]
[WhiteElo "1780"]
[BlackElo "1736"]
[PlyCount "82"]
[EventDate "2016.09.11"]
[EventType "team-tourn"]
[EventRounds "11"]
[EventCountry "GER"]
[SourceTitle "EXT 2022"]
[Source "ChessBase"]
[SourceDate "2021.10.06"]
[SourceVersion "1"]
[SourceVersionDate "2021.10.06"]
[SourceQuality "1"]
[WhiteTeam "Rheinbacher SF"]
[BlackTeam "Troisdorf"]
[WhiteTeamCountry "GER"]
[BlackTeamCountry "GER"]

1. d4 d5 2. Nf3 Nf6 3. e3 c6 4. b3 Bf5 5. Bd3 Bxd3 6. Qxd3 e6 7. 0-0 Bd6 8. Bb2 0-0 9. Nbd2 Nbd7 10. c4 Re8 11. Ne5 Rc8 12. f4 c5 13. Rad1 cxd4 14. exd4 Bb4 15. Ndf3 Ne4 16. a3 Be7 17. Nxd7 Qxd7 18. Ne5 Qd8 19. b4 f6 20. cxd5 fxe5 21. Qxe4 exd5 22. Qf5 e4 23. Rc1 Rxc1 24. Rxc1 Qd6 25. Rc8 Rf8 26. Rxf8+ Bxf8 27. g3 Qc6 28. g4 a6 29. g5 g6 30. Qh3 Bg7 31. Qc3 Qxc3 32. Bxc3 Kf7 33. Kf2 Ke6 34. Ke3 Kf5 35. h3 h6 36. h4 h5 37. b5 axb5 38. Bb4 Kg4 39. Bd6 Kxh4 40. Be5 Bf8 41. Bf6 Kg4 0-1

[Event "Troisdorf op"]
[Site "Troisdorf"]
[Date "2014.11.18"]
[Round "5"]
[White "Cohnen, Michael"]
[Black "Heinen, Markus"]
[Result "1-0"]
[WhiteElo "1867"]
[BlackElo "1595"]
[PlyCount "79"]
[EventDate "2014.10.21"]
[EventType "swiss"]
[EventRounds "7"]
[EventCountry "GER"]
[SourceTitle "EXT 2016"]
[Source "ChessBase"]
[SourceDate "2015.10.08"]
[SourceVersion "1"]
[SourceVersionDate "2015.10.08"]
[SourceQuality "1"]

1. d4 d5 2. c4 Nf6 3. Nc3 e6 4. cxd5 exd5 5. Bg5 Be7 6. Qc2 Nc6 7. e3 Nb4 8. Qb1 Ne4 9. Bxe7 Qxe7 10. a3 Nxc3 11. bxc3 Nc6 12. Bd3 h6 13. Nf3 b6 14. Bb5 Bd7 15. 0-0 0-0 16. Bd3 Bg4 17. Nd2 Qg5 18. Re1 Bh3 19. Bf1 Bf5 20. Qb5 Ne7 21. Nf3 Qf6 22. Ne5 c6 23. Qe2 Ng6 24. Nd3 Rfe8 25. Qd2 Nh4 26. Ne5 Ng6 27. f4 Nxe5 28. fxe5 Qg5 29. Bd3 Rac8 30. Rf1 Bxd3 31. Qxd3 c5 32. Rf5 Qe7 33. Raf1 c4 34. Qe2 Rc7 35. Qf3 Rf8 36. Qxd5 Qxa3 37. e6 Qxc3 38. exf7+ Kh8 39. Qe5 Qa3 40. Qxc7 1-0

[Event "Troisdorf op"]
[Site "Troisdorf"]
[Date "2014.11.11"]
[Round "4"]
[White "Schott, Guido"]
[Black "Cohnen, Michael"]
[Result "1-0"]
[WhiteElo "2146"]
[BlackElo "1867"]
[PlyCount "39"]
[EventDate "2014.10.21"]
[EventType "swiss"]
[EventRounds "7"]
[EventCountry "GER"]
[SourceTitle "EXT 2016"]
[Source "ChessBase"]
[SourceDate "2015.10.08"]
[SourceVersion "1"]
[SourceVersionDate "2015.10.08"]
[SourceQuality "1"]

1. e4 c6 2. c4 d5 3. exd5 cxd5 4. cxd5 Nf6 5. Bb5+ Nbd7 6. Nc3 g6 7. Nf3 Bg7 8. Ne5 0-0 9. Nxd7 Bxd7 10. Bc4 Qc7 11. d3 Ng4 12. h3 Bxc3+ 13. bxc3 Qe5+ 14. Kf1 Nf6 15. Qe2 Qxc3 16. Bb2 Qb4 17. Qe5 Bb5 18. d6 Bxc4 19. dxe7 Bxd3+ 20. Kg1 1-0

[Event "Mittelrhein Verbandsliga Ost 1415"]
[Site "Mittelrhein"]
[Date "2014.11.09"]
[Round "4.8"]
[White "Cohnen, Michael"]
[Black "Janknecht, Eckart"]
[Result "1/2-1/2"]
[WhiteElo "1810"]
[BlackElo "1775"]
[PlyCount "62"]
[EventDate "2014.09.07"]
[EventType "team-tourn"]
[EventRounds "11"]
[EventCountry "GER"]
[SourceTitle "EXT 2023"]
[Source "ChessBase"]
[SourceDate "2022.10.05"]
[SourceVersion "1"]
[SourceVersionDate "2022.10.05"]
[SourceQuality "1"]
[WhiteTeam "Troisdorf"]
[BlackTeam "Koeln Lasker II"]
[WhiteTeamCountry "GER"]
[BlackTeamCountry "GER"]

1. d4 d5 2. c4 e5 3. dxe5 d4 4. Nf3 Nc6 5. a3 Bg4 6. Nbd2 Nge7 7. h3 Bf5 8. b4 Ng6 9. Bb2 Ngxe5 10. b5 Qe7 11. e3 dxe3 12. fxe3 Nd3+ 13. Bxd3 Bxd3 14. Kf2 Na5 15. Qc1 Rd8 16. Qc3 b6 17. Rhe1 Qc5 18. Rac1 Bf5 19. Nd4 Bd7 20. Kg1 f6 21. Rf1 Qg5 22. Rf3 c5 23. Ne2 Be7 24. Ne4 Qg6 25. Nf2 0-0 26. Nf4 Qf7 27. Nd5 Bd6 28. Qd3 Be6 29. e4 Qg6 30. Qe3 Rde8 31. Qd3 Rd8 1/2-1/2

[Event "Troisdorf op"]
[Site "Troisdorf"]
[Date "2014.10.28"]
[Round "2"]
[White "Lamprecht, Mark"]
[Black "Cohnen, Michael"]
[Result "1-0"]
[WhiteElo "2190"]
[BlackElo "1867"]
[PlyCount "148"]
[EventDate "2014.10.21"]
[EventType "swiss"]
[EventRounds "7"]
[EventCountry "GER"]
[SourceTitle "EXT 2016"]
[Source "ChessBase"]
[SourceDate "2015.10.08"]
[SourceVersion "1"]
[SourceVersionDate "2015.10.08"]
[SourceQuality "1"]

1. c4 c6 2. Nc3 d5 3. e3 Nf6 4. Nf3 Bf5 5. d4 e6 6. Bd3 Bxd3 7. Qxd3 Nbd7 8. 0-0 Bd6 9. e4 dxe4 10. Nxe4 Nxe4 11. Qxe4 Nf6 12. Qh4 0-0 13. b3 Be7 14. Bb2 Nd7 15. Qe4 Bf6 16. Rfd1 Qc7 17. Qc2 Rad8 18. Rd3 e5 19. Re1 exd4 20. Bxd4 Bxd4 21. Rxd4 Nf6 22. Qc3 c5 23. Rxd8 Rxd8 24. h3 b6 25. Qe3 h6 26. Ne5 Re8 27. Qc3 Kf8 28. Qg3 Re7 29. f4 Qd6 30. Qf3 Re8 31. Rd1 Qe6 32. Qd3 g6 33. Re1 Kg7 34. g4 Re7 35. Qc3 Kg8 36. Nf3 Qd6 37. Rxe7 Qxe7 38. Qe5 Qxe5 39. Nxe5 Ne4 40. Nc6 a5 41. Ne7+ Kf8 42. Nd5 Ke8 43. Nxb6 Nc3 44. Kf2 Nxa2 45. Na4 Kd7 46. Nxc5+ Kc6 47. Nd3 f6 48. Ke3 Nc3 49. Nf2 Na2 50. Nd3 Nc3 51. h4 g5 52. h5 Kd6 53. fxg5 fxg5 54. Nf2 Ke5 55. Nd3+ Kd6 56. Kd4 Ne2+ 57. Ke4 Ng3+ 58. Ke3 Nf1+ 59. Kd4 Nd2 60. c5+ Kc6 61. Kc3 Nf1 62. Kd4 Nd2 63. Kc3 Nf1 64. Nf2 Kd5 65. b4 axb4+ 66. Kxb4 Kc6 67. Kc4 Nd2+ 68. Kd4 Nb3+ 69. Ke5 Nxc5 70. Kf5 Kd7 71. Kg6 Ke7 72. Kxh6 Ne6 73. Ne4 Nd4 74. Nxg5 Ne2 1-0

[Event "Troisdorf op"]
[Site "Troisdorf"]
[Date "2014.10.21"]
[Round "1"]
[White "Cohnen, Michael"]
[Black "Guenther, Ralf"]
[Result "1-0"]
[WhiteElo "1867"]
[BlackElo "1397"]
[PlyCount "76"]
[EventDate "2014.10.21"]
[EventType "swiss"]
[EventRounds "7"]
[EventCountry "GER"]
[SourceTitle "EXT 2016"]
[Source "ChessBase"]
[SourceDate "2015.10.08"]
[SourceVersion "1"]
[SourceVersionDate "2015.10.08"]
[SourceQuality "1"]

1. d4 Nf6 2. c4 e6 3. Nc3 Bb4 4. Qc2 0-0 5. a3 Be7 6. e4 d6 7. Bd3 e5 8. Nge2 Nc6 9. d5 Nb8 10. 0-0 Nbd7 11. Ng3 c6 12. f3 Nh5 13. Nxh5 g6 14. Ng3 h5 15. Be3 h4 16. Nh1 g5 17. Nf2 f6 18. Ng4 Kg7 19. h3 Rh8 20. b4 Nf8 21. c5 Ng6 22. cxd6 Bxd6 23. Bc5 Nf4 24. Bc4 Qf8 25. Bxd6 Qxd6 26. Ne3 b5 27. Bb3 a6 28. Rad1 c5 29. Nf5+ Bxf5 30. exf5 c4 31. Ba2 Rhd8 32. Bb1 Ra7 33. Qf2 Qc7 34. Ne4 Qd7 35. Nc5 Qd6 36. Ne6+ Nxe6 37. fxe6 a5 38. Qc2 Qe7 1-0

[Event "Mittelrhein Verbandsliga Ost 1314"]
[Site "Mittelrhein"]
[Date "2014.01.19"]
[Round "6.8"]
[White "Preiss, Wolfgang"]
[Black "Cohnen, Michael"]
[Result "1-0"]
[WhiteElo "1719"]
[BlackElo "1831"]
[PlyCount "83"]
[EventDate "2013.09.15"]
[EventType "team-tourn"]
[EventRounds "11"]
[EventCountry "GER"]
[SourceTitle "EXT 2023"]
[Source "ChessBase"]
[SourceDate "2022.10.05"]
[SourceVersion "1"]
[SourceVersionDate "2022.10.05"]
[SourceQuality "1"]
[WhiteTeam "Bergische SF II"]
[BlackTeam "Troisdorf"]
[WhiteTeamCountry "GER"]
[BlackTeamCountry "GER"]

1. d4 d5 2. g3 Nf6 3. Bg2 c6 4. Nd2 Bf5 5. c4 e6 6. e3 Nbd7 7. a3 Bd6 8. c5 Bc7 9. b4 a5 10. Bb2 0-0 11. Ngf3 Qe7 12. 0-0 e5 13. dxe5 Nxe5 14. Nxe5 Bxe5 15. Bxe5 Qxe5 16. Nf3 Qe7 17. Qd4 axb4 18. axb4 Be4 19. Rxa8 Rxa8 20. Ra1 Qd8 21. Rxa8 Qxa8 22. Nd2 Bxg2 23. Kxg2 h6 24. e4 Qa2 25. e5 Nd7 26. Nf3 Qe2 27. Qg4 Nxe5 28. Qc8+ Kh7 29. Qf5+ Kg8 30. Qxe5 Qc4 31. Qb8+ Kh7 32. Qxb7 d4 33. b5 cxb5 34. Qe4+ g6 35. Qxd4 Qe6 36. Qd6 Qe4 37. c6 g5 38. c7 g4 39. Qf6 gxf3+ 40. Qxf3 Qe6 41. Qd3+ Kg7 42. Qc3+ 1-0

[Event "Mittelrhein Verbandsliga Ost 1314"]
[Site "Mittelrhein"]
[Date "2013.11.10"]
[Round "3.8"]
[White "Cohnen, Michael"]
[Black "Eisentraut, Dieter"]
[Result "1-0"]
[WhiteElo "1836"]
[BlackElo "1717"]
[PlyCount "61"]
[EventDate "2013.09.15"]
[EventType "team-tourn"]
[EventRounds "11"]
[EventCountry "GER"]
[SourceTitle "EXT 2023"]
[Source "ChessBase"]
[SourceDate "2022.10.05"]
[SourceVersion "1"]
[SourceVersionDate "2022.10.05"]
[SourceQuality "1"]
[WhiteTeam "Troisdorf"]
[BlackTeam "Godesberg IV"]
[WhiteTeamCountry "GER"]
[BlackTeamCountry "GER"]

1. d4 d6 2. Nf3 Bg4 3. e4 Nf6 4. Nbd2 e6 5. Be2 Be7 6. 0-0 0-0 7. c4 c6 8. b3 d5 9. e5 Ne4 10. Bb2 Nxd2 11. Qxd2 c5 12. dxc5 dxc4 13. Qf4 Bh5 14. Qxc4 Nd7 15. b4 Rc8 16. Qe4 Bg6 17. Qd4 Qc7 18. a3 Rfd8 19. Qe3 b6 20. cxb6 Nxb6 21. Ba6 Rb8 22. Rac1 Qd7 23. Qe2 Qa4 24. Nd4 Rxd4 25. Bxd4 Qxa3 26. Bxb6 Rxb6 27. Rc8+ Bf8 28. b5 Bd3 29. Qe3 Rxa6 30. bxa6 Qxa6 31. Qc5 1-0

[Event "Verbandsliga Mittelrhein-Ost 1213"]
[Site "Germany"]
[Date "2013.02.03"]
[Round "7.6"]
[White "Albrecht, Oliver"]
[Black "Cohnen, Michael"]
[Result "1/2-1/2"]
[WhiteElo "2093"]
[BlackElo "1828"]
[PlyCount "71"]
[EventDate "2012.09.09"]
[EventType "team"]
[EventRounds "11"]
[EventCountry "GER"]
[SourceTitle "EXT 2015"]
[Source "ChessBase"]
[SourceDate "2014.11.20"]
[SourceVersion "1"]
[SourceVersionDate "2014.11.20"]
[SourceQuality "1"]
[WhiteTeam "Bonn Beuel"]
[BlackTeam "Troisdorf"]
[WhiteTeamCountry "GER"]
[BlackTeamCountry "GER"]

1. d4 d5 2. c4 c6 3. Nf3 Nf6 4. Qc2 dxc4 5. Qxc4 Bf5 6. Nc3 e6 7. g3 Nbd7 8. Bg2 Be7 9. 0-0 0-0 10. e3 Bg6 11. Qe2 Rc8 12. e4 Bb4 13. e5 Nd5 14. Ne4 Bxe4 15. Qxe4 Be7 16. h4 c5 17. Ng5 g6 18. Nf3 cxd4 19. Bh6 Re8 20. Nxd4 Qb6 21. Nb3 Qc7 22. Rfe1 Qc2 23. Re2 Qxe4 24. Bxe4 N7b6 25. Bd2 Red8 26. Na5 Rd7 27. Be1 Rdc7 28. Kg2 Rd7 29. b3 Ba3 30. f4 Rcc7 31. Kh2 h5 32. Rd1 Kf8 33. Rc2 Rxc2+ 34. Bxc2 Rc7 35. Be4 Ke8 36. Kh3 1/2-1/2

[Event "Troisdorf op"]
[Site "Troisdorf"]
[Date "2012.11.20"]
[Round "5"]
[White "Cohnen, Michael"]
[Black "Moews, Thomas"]
[Result "1/2-1/2"]
[WhiteElo "1838"]
[BlackElo "1867"]
[PlyCount "125"]
[EventDate "2012.10.23"]
[EventType "swiss"]
[EventRounds "7"]
[EventCountry "GER"]
[SourceTitle "EXT 2014"]
[Source "ChessBase"]
[SourceDate "2013.11.20"]
[SourceVersion "1"]
[SourceVersionDate "2013.11.20"]
[SourceQuality "1"]

1. d4 Nf6 2. c4 c5 3. d5 b5 4. cxb5 a6 5. Nc3 axb5 6. Nxb5 Ba6 7. Nc3 g6 8. g3 Bg7 9. Bg2 d6 10. Nf3 0-0 11. 0-0 Nbd7 12. Re1 Qb6 13. Qc2 Rfb8 14. e4 Ng4 15. Bf1 Nge5 16. Nxe5 Nxe5 17. Kg2 Bxf1+ 18. Rxf1 c4 19. Rb1 Nd3 20. Be3 Qa5 21. Bd2 Nb4 22. Qc1 Nxa2 23. Nxa2 Qxa2 24. Bc3 Qb3 25. Bxg7 Kxg7 26. Qc3+ Qxc3 27. bxc3 Rxb1 28. Rxb1 Ra3 29. Rc1 Kf6 30. Rc2 e6 31. f4 exd5 32. exd5 Ra1 33. Kf3 Rd1 34. Ke4 Rd3 35. g4 g5 36. f5 h6 37. Rc1 Rd2 38. Rh1 Rf2 39. Ke3 Rf4 40. h3 Ke5 41. Rd1 h5 42. gxh5 Rh4 43. Rh1 Kxd5 44. Kf3 Rxh5 45. Kg4 Rh8 46. Kxg5 Ke4 47. h4 Kd3 48. Rh3+ Ke4 49. h5 d5 50. Kf6 Rh7 51. Ke7 d4 52. cxd4 Kxd4 53. Kf8 c3 54. Rh4+ Kd5 55. Rh3 c2 56. Rc3 Rxh5 57. Rxc2 Rxf5 58. Ra2 Rf3 59. Ra5+ Ke4 60. Ra4+ Kd5 61. Ke7 f5 62. Kf6 f4 63. Kf5 1/2-1/2

[Event "Verbandsliga Mittelrhein-Ost 1213"]
[Site "Germany"]
[Date "2012.11.11"]
[Round "4.7"]
[White "Cohnen, Michael"]
[Black "Hackbusch, Thomas"]
[Result "1/2-1/2"]
[WhiteElo "1838"]
[BlackElo "1875"]
[PlyCount "43"]
[EventDate "2012.09.09"]
[EventType "team"]
[EventRounds "11"]
[EventCountry "GER"]
[SourceTitle "EXT 2015"]
[Source "ChessBase"]
[SourceDate "2014.11.20"]
[SourceVersion "1"]
[SourceVersionDate "2014.11.20"]
[SourceQuality "1"]
[WhiteTeam "Troisdorf"]
[BlackTeam "Koeln Porz III"]
[WhiteTeamCountry "GER"]
[BlackTeamCountry "GER"]

1. d4 Nf6 2. c4 g6 3. Nc3 Bg7 4. e4 d6 5. Nf3 0-0 6. Be2 Nbd7 7. 0-0 e5 8. Be3 exd4 9. Bxd4 Re8 10. Bd3 Ne5 11. Nxe5 dxe5 12. Be3 c6 13. f3 Be6 14. Qc2 Qc7 15. Rad1 Nd7 16. b3 Qa5 17. Na4 Bf8 18. Bd2 Bb4 19. Bxb4 Qxb4 20. Qd2 a5 21. Qxb4 axb4 22. Bb1 1/2-1/2

[Event "Troisdorf op"]
[Site "Troisdorf"]
[Date "2012.10.28"]
[Round "2"]
[White "Cohnen, Michael"]
[Black "Ringeltaube, Denny"]
[Result "1-0"]
[WhiteElo "1838"]
[BlackElo "1764"]
[PlyCount "93"]
[EventDate "2012.10.23"]
[EventType "swiss"]
[EventRounds "7"]
[EventCountry "GER"]
[SourceTitle "EXT 2014"]
[Source "ChessBase"]
[SourceDate "2013.11.20"]
[SourceVersion "1"]
[SourceVersionDate "2013.11.20"]
[SourceQuality "1"]

1. d4 Nf6 2. c4 e6 3. Nc3 Bb4 4. Qc2 b6 5. a3 Be7 6. e4 d6 7. Nf3 Bb7 8. Bd3 h6 9. 0-0 c5 10. dxc5 bxc5 11. Re1 Nbd7 12. h3 a6 13. Bf4 Nh5 14. Bh2 0-0 15. Rad1 Qc7 16. Rd2 Rfd8 17. e5 dxe5 18. Nxe5 Nxe5 19. Bxe5 Bd6 20. Bh7+ Kh8 21. Rxd6 Rxd6 22. Be4 Rad8 23. Bxb7 Qxb7 24. Bxd6 Rxd6 25. Ne4 Rc6 26. Rd1 Qe7 27. Qc3 f5 28. Ng3 Nxg3 29. Qxg3 e5 30. Rd5 f4 31. Qd3 e4 32. Rd8+ Kh7 33. Qd5 Re6 34. Qf5+ Rg6 35. Rd7 Qe6 36. Qxe6 Rxe6 37. Rc7 e3 38. fxe3 fxe3 39. Kf1 e2+ 40. Ke1 Kg6 41. Rxc5 Kf6 42. b4 g5 43. a4 Kg6 44. b5 axb5 45. cxb5 Kh5 46. Rc4 Re7 47. b6 1-0

[Event "Troisdorf op"]
[Site "Troisdorf"]
[Date "2012.10.23"]
[Round "1"]
[White "Correa Lira, Juan Ignacio"]
[Black "Cohnen, Michael"]
[Result "1/2-1/2"]
[WhiteElo "1490"]
[BlackElo "1838"]
[PlyCount "66"]
[EventDate "2012.10.23"]
[EventType "swiss"]
[EventRounds "7"]
[EventCountry "GER"]
[SourceTitle "EXT 2014"]
[Source "ChessBase"]
[SourceDate "2013.11.20"]
[SourceVersion "1"]
[SourceVersionDate "2013.11.20"]
[SourceQuality "1"]

1. f4 d5 2. Nf3 Nf6 3. e3 Nc6 4. Bb5 Bd7 5. b3 a6 6. Bxc6 Bxc6 7. Bb2 e6 8. 0-0 Be7 9. Ne5 Bb5 10. Rf3 0-0 11. Rg3 c5 12. a4 Bc6 13. d3 Rc8 14. Nd2 d4 15. e4 Bd6 16. Nxc6 Rxc6 17. e5 Bc7 18. exf6 Qxf6 19. Ne4 Qxf4 20. Qh5 f5 21. Rf1 Qxf1+ 22. Kxf1 fxe4+ 23. Ke2 Bxg3 24. hxg3 g6 25. Qe5 e3 26. Bc1 Kf7 27. Ba3 b6 28. Qe4 Rc7 29. Qf4+ Kg8 30. Qxc7 Rf2+ 31. Ke1 Rxc2 32. Qxb6 Rxg2 33. Qb8+ Kg7 1/2-1/2

[Event "NATO-ch 23nd"]
[Site "Brest"]
[Date "2012.10.05"]
[Round "7"]
[White "Soulie, Cedric"]
[Black "Cohnen, Michael"]
[Result "1/2-1/2"]
[WhiteElo "2073"]
[BlackElo "1809"]
[PlyCount "62"]
[EventDate "2012.10.01"]
[EventType "swiss"]
[EventRounds "7"]
[EventCountry "FRA"]
[SourceTitle "CBM 150 Extra"]
[Source "ChessBase"]
[SourceDate "2012.10.19"]
[SourceVersion "1"]
[SourceVersionDate "2012.10.19"]
[SourceQuality "1"]

1. g4 d5 2. Bg2 c6 3. c4 e6 4. Qb3 Nf6 5. h3 Bc5 6. e3 Nbd7 7. Ne2 dxc4 8. Qc2 Ne5 9. 0-0 Qd3 10. Qxd3 Nxd3 11. Nbc3 0-0 12. b3 cxb3 13. axb3 Rd8 14. g5 Nd5 15. Ne4 Be7 16. Ba3 Bxa3 17. Rxa3 a6 18. Nc1 N5b4 19. Nxd3 Nxd3 20. Rb1 Ne5 21. d4 Ng6 22. f4 Nh4 23. Bh1 Rb8 24. Rc1 e5 25. fxe5 Bxh3 26. Kh2 Be6 27. Kg3 Nf5+ 28. Kf4 Ne7 29. Bg2 Ng6+ 30. Kg3 Ne7 31. Nc5 Nf5+ 1/2-1/2

[Event "NATO-ch 23nd"]
[Site "Brest"]
[Date "2012.10.04"]
[Round "5"]
[White "Demjen, Attila"]
[Black "Cohnen, Michael"]
[Result "1/2-1/2"]
[WhiteElo "2053"]
[BlackElo "1809"]
[PlyCount "30"]
[EventDate "2012.10.01"]
[EventType "swiss"]
[EventRounds "7"]
[EventCountry "FRA"]
[SourceTitle "CBM 150 Extra"]
[Source "ChessBase"]
[SourceDate "2012.10.19"]
[SourceVersion "1"]
[SourceVersionDate "2012.10.19"]
[SourceQuality "1"]

1. e4 c6 2. d4 d5 3. exd5 cxd5 4. c4 Nf6 5. Nc3 Nc6 6. Nf3 Bg4 7. Be2 e6 8. h3 Bh5 9. g4 Bg6 10. Qb3 Bb4 11. 0-0 Bxc3 12. bxc3 0-0 13. Ba3 Na5 14. Qb4 Qc7 15. Qa4 Rfc8 1/2-1/2

[Event "NATO-ch 23nd"]
[Site "Brest"]
[Date "2012.10.02"]
[Round "2"]
[White "Redman, Michael"]
[Black "Cohnen, Michael"]
[Result "1-0"]
[WhiteElo "2016"]
[BlackElo "1809"]
[PlyCount "25"]
[EventDate "2012.10.01"]
[EventType "swiss"]
[EventRounds "7"]
[EventCountry "FRA"]
[SourceTitle "CBM 150 Extra"]
[Source "ChessBase"]
[SourceDate "2012.10.19"]
[SourceVersion "1"]
[SourceVersionDate "2012.10.19"]
[SourceQuality "1"]

1. d4 Nf6 2. c4 e5 3. dxe5 Ng4 4. Nf3 Bb4+ 5. Bd2 Qe7 6. Nc3 Nxe5 7. Nxe5 Qxe5 8. a3 Be7 9. Nd5 0-0 10. Bf4 Qxb2 11. Nxe7+ Kh8 12. Nxc8 Rxc8 13. Qc1 1-0

[Event "Troisdorf op"]
[Site "Troisdorf"]
[Date "2011.12.06"]
[Round "7"]
[White "Cohnen, Michael"]
[Black "Finke, Kai"]
[Result "0-1"]
[WhiteElo "1777"]
[BlackElo "1980"]
[PlyCount "132"]
[EventDate "2011.10.25"]
[EventType "swiss"]
[EventRounds "7"]
[EventCountry "GER"]
[SourceTitle "EXT 2013"]
[Source "ChessBase"]
[SourceDate "2012.11.22"]
[SourceVersion "1"]
[SourceVersionDate "2012.11.22"]
[SourceQuality "1"]

1. d4 Nf6 2. c4 e6 3. Nc3 c5 4. d5 exd5 5. cxd5 d6 6. e4 g6 7. f4 Bg7 8. Nf3 0-0 9. Be2 Bg4 10. 0-0 Nbd7 11. h3 Bxf3 12. Bxf3 Qa5 13. Bd2 b5 14. a3 Qb6 15. Kh1 Rfe8 16. Qc2 a5 17. g4 c4 18. g5 Nh5 19. Bxh5 gxh5 20. Nd1 Qd4 21. Nf2 Qxb2 22. Qxb2 Bxb2 23. Rab1 c3 24. Bc1 Bxc1 25. Rfxc1 Nc5 26. Rxc3 Nxe4 27. Nxe4 Rxe4 28. Rxb5 Rxf4 29. Rb6 Rd8 30. Ra6 Ra4 31. Kg2 Kg7 32. Kg3 h4+ 33. Kf3 Kg6 34. Ra7 Rb8 35. Ra6 Rd8 36. Ra7 Kg7 37. Ra6 Rd7 38. Rcc6 Rxa3+ 39. Kg4 Rb7 40. Rc8 h6 41. gxh6+ Kxh6 42. Rxd6+ Kg7 43. Rc4 Rbb3 44. Kxh4 Rxh3+ 45. Kg4 Rag3+ 46. Kf4 Rh4+ 47. Kxg3 Rxc4 48. Ra6 a4 49. d6 Kf6 50. d7+ Ke7 51. Rd6 Kd8 52. Rf6 Kxd7 53. Rxf7+ Kc6 54. Kf2 Re4 55. Ra7 Kb5 56. Rb7+ Kc4 57. Kf3 Re8 58. Rc7+ Kb3 59. Rb7+ Ka2 60. Rb4 a3 61. Rb7 Ka1 62. Rb3 a2 63. Rb7 Re1 64. Kf2 Rb1 65. Re7 Kb2 66. Re2+ Kb3 0-1

[Event "Troisdorf op"]
[Site "Troisdorf"]
[Date "2011.11.08"]
[Round "3"]
[White "Margenberg, Volker"]
[Black "Cohnen, Michael"]
[Result "1/2-1/2"]
[WhiteElo "1665"]
[BlackElo "1777"]
[PlyCount "105"]
[EventDate "2011.10.25"]
[EventType "swiss"]
[EventRounds "7"]
[EventCountry "GER"]
[SourceTitle "EXT 2013"]
[Source "ChessBase"]
[SourceDate "2012.11.22"]
[SourceVersion "1"]
[SourceVersionDate "2012.11.22"]
[SourceQuality "1"]

1. d4 d5 2. c4 c6 3. Nf3 Nf6 4. e3 e6 5. Nc3 Bb4 6. Bd2 0-0 7. a3 Bd6 8. Bd3 Nbd7 9. cxd5 exd5 10. Qc2 Re8 11. 0-0-0 b5 12. Na2 Bb7 13. Kb1 a5 14. h3 Ne4 15. Bc1 Qb6 16. Nc3 Ndf6 17. g4 Nxc3+ 18. bxc3 Ba6 19. g5 Ne4 20. Bxe4 Rxe4 21. Nd2 Ree8 22. Ka2 b4 23. c4 dxc4 24. Nxc4 Bxc4+ 25. Qxc4 a4 26. axb4 Bxb4 27. Ba3 Bxa3 28. Kxa3 Ra5 29. Rb1 Rb5 30. Rb4 Rb8 31. Rhb1 Qb7 32. d5 Rxb4 33. Rxb4 Qxb4+ 34. Qxb4 Rxb4 35. Kxb4 cxd5 36. Kxa4 Kf8 37. Kb5 Ke7 38. Kc5 Ke6 39. Kd4 f5 40. h4 h6 41. gxh6 gxh6 42. h5 f4 43. e4 dxe4 44. Kxe4 f3 45. Kf4 Kf6 46. Kg4 Ke5 47. Kxf3 Kf5 48. Kg3 Kg5 49. f4+ Kxh5 50. Kh3 Kg6 51. Kh4 Kf5 52. Kg3 h5 53. Kh4 1/2-1/2

[Event "Troisdorf op "]
[Site "Troisdorf"]
[Date "2010.11.23"]
[Round "5"]
[White "Cohnen, Michael"]
[Black "Margenberg, Volker"]
[Result "1/2-1/2"]
[WhiteElo "1753"]
[BlackElo "1601"]
[PlyCount "125"]
[EventDate "2010.10.26"]
[EventType "swiss"]
[EventRounds "7"]
[EventCountry "GER"]
[SourceTitle "EXT 2013"]
[Source "ChessBase"]
[SourceDate "2012.11.22"]
[SourceVersion "1"]
[SourceVersionDate "2012.11.22"]
[SourceQuality "1"]

1. d4 Nf6 2. c4 g6 3. Nc3 d5 4. cxd5 Nxd5 5. e4 Nxc3 6. bxc3 c5 7. Nf3 Bg7 8. Rb1 0-0 9. Qd2 cxd4 10. cxd4 Nc6 11. d5 Na5 12. Be2 b6 13. 0-0 Bb7 14. Ba3 f5 15. Nd4 Bxd4 16. Qxd4 fxe4 17. Bb2 Rf6 18. Rfd1 Qd6 19. Bc3 e5 20. Qxe4 Rf4 21. Qe3 Nc4 22. Bxc4 Rxc4 23. Bxe5 Qd7 24. d6 Re8 25. Qb3 Rec8 26. f3 Kf8 27. Qe3 Kg8 28. Qg5 Rf8 29. Qe7 Rf7 30. Qxd7 Rxd7 31. Rbc1 b5 32. Rxc4 bxc4 33. Kf2 Kf7 34. Ke3 Ke6 35. Bg3 Bc6 36. Kd4 Bb5 37. Re1+ Kf7 38. Kc5 a6 39. Kb4 Kf6 40. Re4 Rb7 41. Kc3 Kf7 42. a4 Bxa4 43. Rxc4 Rb3+ 44. Kd4 Bd7 45. Rc2 a5 46. Re2 Be6 47. Kc5 a4 48. Be5 Bd7 49. Bb2 Be6 50. Bd4 Rb1 51. Bb2 Rd1 52. Kc6 Rd3 53. Kc7 a3 54. Be5 Rd1 55. Re3 a2 56. Ra3 Rc1+ 57. Kb6 Rb1+ 58. Kc5 Rc1+ 59. Kb4 Rb1+ 60. Ka5 Rb7 61. Ka6 Rb1 62. d7 Ke7 63. Bf6+ 1/2-1/2

[Event "Troisdorf op"]
[Site "Troisdorf"]
[Date "2008.10.21"]
[Round "2"]
[White "Schaad, Martin"]
[Black "Cohnen, Michael"]
[Result "1-0"]
[WhiteElo "1877"]
[BlackElo "1788"]
[PlyCount "69"]
[EventDate "2008.10.14"]
[EventType "swiss"]
[EventRounds "7"]
[EventCountry "GER"]
[SourceTitle "EXT 2011"]
[Source "ChessBase"]
[SourceDate "2010.11.26"]
[SourceVersion "1"]
[SourceVersionDate "2010.11.26"]
[SourceQuality "1"]

1. e4 c6 2. d4 d5 3. Nc3 dxe4 4. Nxe4 Bf5 5. Ng3 Bg6 6. Nf3 Nf6 7. Bc4 e6 8. 0-0 Nbd7 9. c3 h6 10. Bf4 Be7 11. Ne5 Nxe5 12. Bxe5 Bd6 13. Qb3 Qe7 14. Bxd6 Qxd6 15. Qxb7 0-0 16. Qa6 Rfb8 17. b3 h5 18. Rfe1 h4 19. Nf1 Rb6 20. Qa5 Nd5 21. Bxd5 Rb5 22. Qxb5 cxb5 23. Bxa8 f5 24. Re5 Bf7 25. Rxb5 Qf4 26. Re5 g5 27. Rae1 g4 28. g3 Qh6 29. d5 hxg3 30. fxg3 f4 31. dxe6 Be8 32. R5e4 f3 33. Rxg4+ Kf8 34. e7+ Kf7 35. Bd5+ 1-0